| 000 | 00679nam a2200217 a 4500 | ||
|---|---|---|---|
| 003 | UPN | ||
| 005 | 20241001063934.0 | ||
| 008 | 991125s1929 sp fq 000 0 spa u | ||
| 035 | _aUPN01000023545 | ||
| 040 |
_aMX-MxUPN _bspa _cMX-MxUPN |
||
| 050 | 4 |
_aBF408 _bR5.38 |
|
| 100 | 1 |
_aRibot, Th. _d1839-1916 _q(Théodule), _951466 |
|
| 245 | 1 | 3 | _aLa evolución de las ideas generales |
| 260 |
_aMadrid : _bD. Jorro, _c1929. |
||
| 300 | _a327 páginas | ||
| 650 | 7 |
_aAbstracción _917927 |
|
| 700 | 1 |
_951468 _aRubio, Ricardo _etraducción |
|
| 710 | 2 |
_aInstituto Nacional de Investigación Educativa (México) _epropietario anterior _928086 |
|
| 905 | _aLibro | ||
| 942 |
_2lcc _cLIBRO _n0 |
||
| 999 |
_c23545 _d23545 |
||